| 000 | 00482nam a22001457a 4500 | ||
|---|---|---|---|
| 082 | _a620.1 | ||
| 100 | _aDildar, Muhammad Awais | ||
| 245 |
_aAutomatic Segmentation of Cervical Vertebrae in Video Fluoroscopy / _cMuhammad Awais Dildar |
||
| 260 |
_aIslamabad : _bCEME - NUST, _c2017. |
||
| 300 |
_a54 p. ; _c30cm. |
||
| 650 |
_aComputer Engineering-MS-Thesis _916083 |
||
| 700 |
_aDr. Ali Hassan _916058 |
||
| 942 |
_2ddc _cTHE |
||
| 999 |
_c536513 _d536513 |
||